Sports Quiz

Random Sports or MLB Quiz

Most Home Runs Under Each US President Quiz Stats

 Plays Quiz Updated Oct 2, 2017

Challenge
Share
Tweet
Embed
Score 0/20 Timer 06:00
3 Plays Today
President Player % Correct
Trump (2017-)Giancarlo Stanton
88.2%
Obama (2009-2017)Albert Pujols
80.3%
Bush (2001-08)Alex Rodriguez
80.2%
Harding (1921-8/2/23)Babe Ruth
63.9%
Coolidge (8/2/23-28)Babe Ruth
63.5%
Clinton (1993-00)Ken Griffey, Jr.
62.7%
Hoover (1929-32)Babe Ruth
61%
Nixon (1969-8/9/74)Hank Aaron
48.3%
Johnson (1964-68)Willie Mays
41.3%
Reagan (1981-88)Mike Schmidt
38.7%
President Player % Correct
Roosevelt (1933-44)Jimmie Foxx
32.9%
Carter (1977-80)Mike Schmidt
31%
Ford (8/9/74-76)Mike Schmidt
24%
Kennedy (1961-63)Harmon Killebrew
20.4%
Truman (1945-52)Ralph Kiner
12.7%
Eisenhower (1953-60)Eddie Mathews
11.3%
Bush (1989-92)Fred McGriff
10.5%
Wilson (1913-20)Gavvy Cravath
3.5%
Roosevelt (1902-08)Harry Davis
1.1%
Taft (1909-12)Wildfire Schulte
1%

You're not logged in!

Compare scores with friends on all Sporcle quizzes.
Join for Free
OR
Log In

You Might Also Like...

Show Comments

Extras

Top Quizzes Today


Score Distribution

Your Account Isn't Verified!

In order to create a playlist on Sporcle, you need to verify the email address you used during registration. Go to your Sporcle Settings to finish the process.

Report this User

Report this user for behavior that violates our Community Guidelines.

Details: